Analýza vplyvu voľnočasových aktivít na získavanie občianskych kompetencií žiakov

Gespeichert in:
Bibliographische Detailangaben
1. Verfasser: Bezušková, Miriam, 1979- (Verfasst von)
Weitere Verfasser: Bednáriková, Mária, 1978- (Betreuung Doktorarbeit)
Format: Manuskript Buch
Sprache:Slowakisch
Veröffentlicht: Trnava : STU v Bratislave MTF KIP, 2012
Schlagworte:
Online-Zugang:VAIS
Tags: Tag hinzufügen
Keine Tags, Fügen Sie das erste Tag hinzu!

MARC

LEADER 00000ntm a22000003a 4500
001 stu251485
005 20150617230227.9
008 120719s2012----xo------------------slo-d
040 |a STU  |b slo 
041 0 |a slo 
044 |a xo 
100 1 |a Bezušková, Miriam,  |d 1979-  |4 aut  |u M  |T MTF Materiálovotechnologická fakulta  |X 7741  |U M  |Y 60  |7 A000007741 
242 0 0 |a  Analysis of Leisure Time Activities Influence to Reach Civil Competences of Pupils  |y eng 
245 1 |a Analýza vplyvu voľnočasových aktivít na získavanie občianskych kompetencií žiakov 
260 |a Trnava :  |b STU v Bratislave MTF KIP,  |c 2012 
300 |a 86 s 
650 7 |a učiteľstvo technických profesijných predmetov  |2 stusub 
650 7 |a Teaching Specific Engineering Subjects  |2 estusub 
650 7 |a záujmová činnosť  |2 stusub 
650 7 |a voľný čas  |2 stusub 
700 1 |a Bednáriková, Mária,  |d 1978-  |4 ths  |u M0100  |U MTF Materiálovotechnologická fakulta  |T MTF Centrum jazykov, humanitných vied a akademického športu  |X 70675  |U M0100  |Y 472  |7 A000070675 
856 4 |a info a plný text  |u http://is.stuba.sk/zp/portal_zp.pl?podrobnosti=80870  |3 VAIS 
996 |c M*DP-10957  |l MMSKP  |s P  |a 0  |w stu251485_0001